| 000 | 00587 a2200205 4500 | ||
|---|---|---|---|
| 003 | Nust | ||
| 005 | 20170207154019.0 | ||
| 020 | _a0-596-00212-2 (pbk.) : | ||
| 035 | _a(Uk)0596002122 | ||
| 040 | _cNust | ||
| 082 | 0 | 4 | _a005.71369 |
| 100 | 1 | _aDent, Kyle D. | |
| 245 | 1 | 0 |
_aPostfix_(EBOOK) _bthe definitive guide / _cKyle D. Dent ; foreword by Wietse Venema. |
| 260 |
_aSebastopol, Calif. ; _aFarnham : _bO'Reilly, _c2004. |
||
| 300 |
_a272 p. ; _c24cm. |
||
| 650 | 0 | _aElectronic mail messages | |
| 650 | 0 |
_aElectronic mail systems _xComputer programs. |
|
| 650 | 0 | _aE-post | |
| 651 | _aEBOOK | ||
| 942 |
_2ddc _cBK |
||
| 999 |
_c191609 _d191609 |
||